Rahsia di sebalik teko

Bibliographic Details
Main Author: Mohamad Sobri bin Jaafar
Format: Book
Published: Selangor : Penerbitan Orkid , 2005
Series:Koleksi klasik Asia Timur
Subjects:

MARC

LEADER 00000cam a2200000 7i4500
001 0000000517
005 20151222.0
008 070702
020 |a 9838913839 
020 |a 9838913855(set) 
090 0 0 |a JF   |b MAL 
100 0 |a Mohamad Sobri bin Jaafar 
245 1 0 |a Rahsia di sebalik teko   |c Mohamad Sobri bin Jaafar 
260 |a Selangor :   |b Penerbitan Orkid ,   |c 2005 
440 |a Koleksi klasik Asia Timur 
500 |a Children ages 7-9 years old (orange) 
650 0 |a Malay fiction 
999 |a 0000906535   |b Book   |c Teenagers   |e Cawangan Bandar Tenggara 
999 |a 0000906537   |b Book   |c Teenagers   |e Cawangan Bandar Tenggara 
999 |a 0000920883   |b Book   |c Children Collection   |e Cawangan Bukit Gambir 
999 |a 0000920885   |b Book   |c Children Collection   |e Cawangan Bukit Gambir 
999 |a 0000931362   |b Book   |c Children Collection   |e Cawangan Tangkak 
999 |a 0000931363   |b Book   |c Children Collection   |e Cawangan Tangkak 
999 |a 0000931364   |b Book   |c Children Collection   |e Cawangan Tangkak 
999 |a 0000960706   |b Book   |c Children Collection   |e Perbadanan Perpustakaan Awam Johor 
999 |a 0000960707   |b Book   |c Children Collection   |e Cawangan Sri Merlong 
999 |a 0000960708   |b Book   |c Children Collection   |e Perbadanan Perpustakaan Awam Johor 
999 |a 0000960709   |b Book   |c Children Collection   |e Perbadanan Perpustakaan Awam Johor 
999 |a 0000960710   |b Book   |c Children Collection   |e Cawangan Pontian 
999 |a 0001054715   |b Book   |c Children Collection   |e Cawangan Taman Universiti 
999 |a 0001054716   |b Book   |c Children Collection   |e Cawangan Segamat 
999 |a 0001054717   |b Book   |c Children Collection   |e Cawangan Taman Universiti 
999 |a 0001144368   |b Book   |c Children Collection   |e Cawangan Taman Universiti